000 00457 a2200121 4500
001 ART_10768
005 20260410161854.0
008 260409a
245 1 0 _aEl derecho transitorio en el Proyecto de la reforma del Código Civil y Comercial
100 1 _aRodriguez Pería, María Eugenia
700 1 _aKandus, Cecilia
773 0 _tDerecho privado
_gReforma del Código Civil I. Aspectos generales - Año I, Nº 2 (sep. 2012)
_wREV10455
999 _c25297
_d25297